How To Get From Where You Are To Where You Want To Be. (Record no. 95321)

MARC details
000 -LEADER
fixed length control field 00566nam a2200217Ia 4500
005 - DATE AND TIME OF LATEST TRANSACTION
control field 20251121190844.0
008 - FIXED-LENGTH DATA ELEMENTS--GENERAL INFORMATION
fixed length control field 230125s9999 xx 000 0 und d
020 ## - INTERNATIONAL STANDARD BOOK NUMBER
International Standard Book Number 9780007265497
041 ## - LANGUAGE CODE
Language code of text/sound track or separate title eng
082 ## - DEWEY DECIMAL CLASSIFICATION NUMBER
Classification number 158.1
Item number CAN
100 ## - MAIN ENTRY--PERSONAL NAME
Author Canfield J
245 ## - TITLE STATEMENT
Title How To Get From Where You Are To Where You Want To Be.
260 ## - PUBLICATION, DISTRIBUTION, ETC.
Date of publication, distribution, etc. 2007
Name of publisher, distributor, etc. Harper Element.
Place of publication, distribution, etc. London
300 ## - PHYSICAL DESCRIPTION
Extent 335p
440 ## - SERIES STATEMENT/ADDED ENTRY--TITLE
Volume/sequential designation 1
500 ## - GENERAL NOTE
Keywords Personality Development
650 ## - SUBJECT ADDED ENTRY--TOPICAL TERM
Topical term or geographic name entry element Personality Development
700 ## - ADDED ENTRY--PERSONAL NAME
Personal name Canfield J
942 ## - ADDED ENTRY ELEMENTS (KOHA)
Koha item type Books
906 ## - LOCAL DATA ELEMENT F, LDF (RLIN)
b 29
Holdings
Withdrawn status Lost status Damaged status Not for loan Home library Current library Date acquired Vendor Net Price Bill number Total Checkouts Full call number Barcode Date last seen Date last checked out Actual Price Bill Date Koha item type Original Barcode
        Smt. Hiraben Nanavati Institute of Management & Research for Women Smt. Hiraben Nanavati Institute of Management & Research for Women 07/03/2018 Pritam Book Centre 350.00 10542 1 158.1 CAN B15948 HIMR-BK-15948 15/10/2025 13/10/2025 321.00 26/02/2018 Books B15948
        Smt. Hiraben Nanavati Institute of Management & Research for Women Smt. Hiraben Nanavati Institute of Management & Research for Women 07/03/2018 Pritam Book Centre 399.00 10524 1 158.1 CAN B15914 HIMR-BK-15914 24/02/2025 20/02/2025 370.00 19/01/2018 Books B15914